| 000 | 00509nam a2200169 a 4500 | ||
|---|---|---|---|
| 001 | 000029199 | ||
| 005 | 20250206123232.0 | ||
| 008 | 110414s1985 dr a 000 | spa d | ||
| 040 |
_aDO-SdBNP _bspa _cBNPHU |
||
| 082 |
_axxx _bG861m |
||
| 100 | 1 |
_aGrimaldi, Víctor, _d1949- _91699 |
|
| 245 | 1 | 3 |
_aEl misterio del golpe de 1963 / _cVíctor Grimaldi. |
| 260 |
_aSanto Domingo : _bAmigo del Hogar, _c1985. |
||
| 300 |
_a94 p. : _bil. ; _c21 cm. |
||
| 500 | _aIncluye notas al pie de las páginas. | ||
| 049 | _aBNPD | ||
| 999 |
_c28691 _d28691 |
||